| 000 | 00788cam a22002532 4500 | ||
|---|---|---|---|
| 001 | 0000003957 | ||
| 005 | 20151217145746.0 | ||
| 008 | 070517s xx 000 0 eng d | ||
| 020 |
_a013009479X : _cKES 4,470 |
||
| 040 |
_aKABU _cKABU |
||
| 050 | 0 |
_aQA76 _b.L576 2002 |
|
| 100 | 1 |
_aLong, Larry E. _@0000154229 |
|
| 245 | 1 | 0 |
_aComputers : _binformation technology in perspective / _cLarry Long, Nancy Long. |
| 250 | _a10th ed. | ||
| 260 |
_aUpper Saddle River, NJ : _bPrentice Hall, _cc2002. |
||
| 300 |
_a495 p. ; _c28 cm. |
||
| 500 | _aIncludes index. | ||
| 650 | 0 |
_aComputers. _@0000153924 |
|
| 650 | 0 |
_aElectronic data processing. _@0000014348 |
|
| 700 | 1 |
_aLong, Nancy. _@0000154230 |
|
| 908 | _a070517 | ||
| 950 | _@1 | ||
| 999 |
_c2334 _d2334 |
||